Classement du Ballon d'or 1998 - Statistiques

Statistiques générales
  • Ce quiz a été pris 161 fois
  • Le résultat moyen est 17 sur 31
Statistiques - réponses
Classement Joueur Club du joueur Nationalité % Correct
1 Zinédine Zidane Juventus FC France
99%
3 Ronaldo Inter Milan Brésil
97%
5 Rivaldo FC Barcelone Brésil
85%
7 Lilian Thuram Parme FC France
84%
8 Dennis Bergkamp Arsenal FC Pays-Bas
75%
4 Michael Owen Liverpool FC Angleterre
75%
10 Marcel Desailly AC Milan / Chelsea FC France
74%
19 Didier Deschamps Juventus FC France
73%
2 Davor Suker Real Madrid Croatie
72%
31 Bixente Lizarazu Bayern Munich France
71%
12 Emmanuel Petit Arsenal FC France
70%
15 Laurent Blanc Olympique de Marseille France
70%
6 Gabriel Batistuta ACF Fiorentina Argentine
68%
13 Roberto Carlos Real Madrid Brésil
67%
14 Fabien Barthez AS Monaco France
66%
22 Raul Real Madrid Espagne
66%
9 Edgar Davids AC Milan / Juventus FC Pays-Bas
58%
28 David Beckham Manchester United Angleterre
56%
16 Alessandro Del Piero Juventus FC Italie
54%
23 Brian Laudrup Rangers FC / Chelsea FC Danemark
45%
20 Michael Laudrup Ajax Amsterdam Danemark
45%
25 Clarence Seedorf Real Madrid Pays-Bas
43%
26 Fernando Hierro Real Madrid Espagne
39%
24 Marc Overmars Arsenal FC Pays-Bas
33%
11 Frank De Boer Ajax Amsterdam Pays-Bas
24%
21 Ronald De Boer Ajax Amsterdam Pays-Bas
24%
27 Christian Vieri Atlético Madrid / Lazio Rome Italie
20%
30 Luis Enrique FC Barcelone Espagne
20%
17 Predrag Mijatovic Real Madrid RF Yougoslavie
19%
18 Oliver Bierhoff Udinese Calcio / AC Milan Allemagne
14%
29 Nikos Machlas Vitesse Arnhem Grèce
2%
Aucun quiz correspondant
Distribution des résultats
% des personnes avec chaque résultat
Percentile par nombre de réponses
Votre historique - résultats
Vous n’avez pas pris ce quiz